| 000 | 00950nam a22002537a 4500 | ||
|---|---|---|---|
| 005 | 20170124103106.0 | ||
| 010 | _aA-443673 | ||
| 020 | _c100.00 | ||
| 035 | _aA-443673 | ||
| 037 | _bCen Lib/Ret | ||
| 040 |
_aDPL _bHN |
||
| 082 |
_aउ _bमुद्गल |
||
| 100 |
_aमुद्गल, चित्रा _978239 |
||
| 245 |
_aएक जमीन अपनी / _cचित्रा मुद्गल |
||
| 246 |
_aEk zamin apni _bby Chitra Mudgal |
||
| 260 |
_aदिल्ली _bप्रभात प्रकाशन _c1990 |
||
| 270 |
_aचावडी बाज़ार _bदिल्ली _e110006 |
||
| 300 |
_a255पृष्ठ. _c20सेमी(सजिल्द) |
||
| 650 |
_aहिंदी साहित्य _978240 |
||
| 650 |
_aहिंदी उपन्यास _978241 |
||
| 650 |
_aHindi literature _978242 |
||
| 650 |
_ahindi novel _978243 |
||
| 942 |
_2ddc _cHN _hउ _mमुद्गल |
||
| 999 |
_c118077 _d118077 |
||